Crack the Code #1 - Statistics

General Stats
  • This quiz has been taken 384 times
  • The average score is 32 of 54
Answer Stats
Sequence #s % Correct
Square 1 1
100%
Square 2 4
98%
Square 3 9
96%
Square 4 16
95%
Square 5 25
95%
Square 6 36
94%
Square 7 49
94%
Sqaure 8 64
93%
Square 9 81
93%
Square 10 FBNCCI
93%
Fibonacci 1 0
57%
Fibonacci 2 1
57%
Fibonacci 3 1
57%
Fibonacci 8 13
57%
Fibonacci 4 2
57%
Fibonacci 9 21
57%
Fibonacci 5 3
57%
Fibonacci 6 5
57%
Fibonacci 7 8
57%
Fibonacci 10 DGTSPI
56%
Pi 1 3.
55%
Pi 2 1
54%
Pi 3 4
54%
Pi 4 1
53%
Pi 7 2
53%
Pi 5 5
53%
Pi 6 9
53%
Pi 9 5
52%
Pi 8 6
52%
Pi 10 PRMNO
52%
Prime 1 2
51%
Prime 2 3
51%
Prime 5 11
50%
Prime 6 13
50%
Prime 7 17
50%
Prime 3 5
50%
Prime 4 7
50%
Prime 8 19
49%
Prime 9 23
49%
Fibonacci Numbers
49%
Prime 10 TRGLR
49%
Triangular 1 1
48%
Triangular 2 3
47%
Triangular 3 6
47%
Triangular 4 10
45%
Triangular 5 15
45%
Triangular 6 21
45%
Triangular 7 28
44%
Triangular 8 36
43%
Triangular 9 45
43%
Triangular 10 CODE CRACKED!
43%
Digits of Pi
43%
Prime Numbers
43%
Triangular Numbers
40%
No matching quizzes found
Score Distribution
Percent of People with Each Score
Percentile by Number Answered
Your Score History
You have not taken this quiz